000 01036cam a22003015i 4500
001 15736859
003 EG-ScBUE
005 20260308092609.0
008 090513t2009 flua f b 001 0 eng d
020 _a9781584886839
040 _aEG-ScBUE
_beng
_erda
_cEG-ScBUE
_dEG-ScBUE
082 0 4 _a570.285
_bBUR
_222
100 1 _aBurkowski, Forbes J.,
_eauthor.
245 1 0 _aStructural bioinformatics :
_ban algorithmic approach /
_cForbes J. Burkowski.
264 1 _aBoca Raton, FL :
_bCRC Press / Taylor & Francis Group,
_c[2009]
264 4 _cc2009
300 _axxiii, 406 pages :
_billustrations ;
_c25 cm.
336 _2rdacontent
_atext
_btxt
337 _aunmediated
_2rdamedia
_bn
338 _avolume
_bnc
_2rdacarrier
490 0 _aChapman & Hall/CRC mathematical and computational biology series
500 _aIncludes Appendices.
504 _aIncludes bibliographical references and index.
650 7 _aStructural bioinformatics.
_2BUEsh
653 _bCOMSCI
_cJanuary2017
655 _vReading book
942 _2ddc
_cBB
999 _c23859
_d23831